000 00293nam a22001337a 4500
008 180813b xxu||||| |||| 00| 0 eng d
041 _aeng
080 _a616.053
082 _a616.053 HAM
100 _a8
101 _aPED
245 _aPediatric cardiology
_cHamish.W
942 _2udc
_cBK
999 _c47018
_d47018